Statistics for European countries that have smaller population than Tokyo

Click here to take the quiz!

General Stats

  • This quiz has been taken 40 times
  • The average score is 35 of 40

Answer Stats

CountriesAnswer% Correct
34.Sanmarino
100%
38.Sweden
97%
39.Switzerland
97%
40.Vatican
97%
2.Andorra
94%
8.Bosnia
94%
15.Finland
94%
20.Ireland
94%
31.Norway
94%
4.Austria
91%
7.Belgium
91%
12.Czechia
91%
21.Latvia
91%
23.Lithuania
91%
26.Malta
91%
32.Portugal
91%
1.Albania
89%
6.Belarus
89%
10.Croatia
89%
13.Denmark
89%
14.Estonia
89%
18.Hungary
89%
24.Luxembourg
89%
29.Monaco
89%
28.Montenegro
89%
33.Romania
89%
35.Serbia
89%
36.Slovakia
89%
37.Slovenia
89%
22.Liechtenstein
86%
30.Netherlands
86%
9.Bulgaria
83%
19.Iceland
83%
17.Greece
80%
25.Macedonia
74%
27.Moldova
74%
11.Cyprus
71%
3.Armenia
63%
16.Georgia
60%
5.Azerbaijan
57%

Score Distribution

Percentile by Number Answered

Percent of People with Each Score

Your Score History

You have not taken this quiz